Systemic Bank Restructuring and Macroeconomic Policy.

Edited by William Alexander, Jeffrey M. Davis, Liam P. Ebrill, and Carl-Johan Lindgren, this volume discusses cross-country restructuring experiences building on the foundation laid by its predecessor Band Soundness and Macroeconomic Policy. It discusses broad principles and actions to guide policy...

Descripción completa

Detalles Bibliográficos
Formato: Revista
Lenguaje:English
Publicado: Washington, D.C. : International Monetary Fund, 1997.
Acceso en línea:Full text available on IMF
LEADER 01192cas a2200181 a 4500
001 AALejournalIMF012182
008 230101c9999 xx r poo 0 0eng d
020 |z 9781557756657 
040 |a BD-DhAAL  |c BD-DhAAL 
245 1 0 |a Systemic Bank Restructuring and Macroeconomic Policy. 
264 1 |a Washington, D.C. :  |b International Monetary Fund,  |c 1997. 
300 |a 1 online resource (195 pages) 
500 |a <strong>Off-Campus Access:</strong> No User ID or Password Required 
500 |a <strong>On-Campus Access:</strong> No User ID or Password Required 
506 |a Electronic access restricted to authorized BRAC University faculty, staff and students 
520 3 |a Edited by William Alexander, Jeffrey M. Davis, Liam P. Ebrill, and Carl-Johan Lindgren, this volume discusses cross-country restructuring experiences building on the foundation laid by its predecessor Band Soundness and Macroeconomic Policy. It discusses broad principles and actions to guide policy makers in restructuring their banking systems. 
538 |a Mode of access: Internet 
856 4 0 |z Full text available on IMF  |u http://elibrary.imf.org/view/books/071/06663-9781557756657-en/06663-9781557756657-en-book.xml  |z IMF e-Library